Plochy na vylepovanie plagátov volebnej kampane

Bibliographic Details
Format: Article
Language:Slovak
Subjects:

MARC

LEADER 00000nab a2200000 ar4500
001 vtls008946210
003 SK-MaSNL
005 20260303070443.0
008 070215c2007 xo wr|p|||||||000 b|slo
038 |a PPPK 
040 |a PPPKCL  |b slo  |c PPPK  |e AACR2 
041 0 |a slo 
044 |a xo  |c SK 
080 |a 342.849.2  |2 1997 
080 |a 324:352  |2 1997 
245 0 0 |a Plochy na vylepovanie plagátov volebnej kampane  |c [autor] (ppp) 
610 1 7 |a Poprad (Slovensko).  |b Mestské zastupiteľstvo  |2 pppkcl  |9 187158 
648 7 |a 2006  |2 pppkcl  |9 313148 
650 0 7 |a volebná kampaň  |2 pppkcl  |9 4513 
650 0 7 |a všeobecne záväzné nariadenia  |2 pppkcl  |9 407149 
651 7 |a Poprad (Slovensko)  |2 pppkcl  |9 20155 
773 0 |t Poprad : noviny občanov mesta  |g Roč. XVII, č. 82 (2006), s. 1 
852 |a PPPK  |b KIS3GCP 
999 |c 1755439  |d 1757369